[Event "Mitropa Cup 29th"]
[Site "Chur"]
[Date "2010.06.03"]
[Round "6"]
[White "Meszaros, Michal"]
[Black "Vocaturo, Daniele"]
[Result "0-1"]
[WhiteElo "2393"]
[BlackElo "2493"]
[PlyCount "64"]
[EventDate "2010.05.29"]
[EventType "team-tourn"]
[EventRounds "9"]
[EventCountry "SUI"]
[Source "ChessBase"]
[SourceDate "2010.07.02"]
[WhiteTeam "Slovakia"]
[BlackTeam "Italy"]
[WhiteTeamCountry "SVK"]
[BlackTeamCountry "ITA"]

1. e4 e5 2. Nf3 Nc6 3. Bb5 a6 4. Ba4 Nf6 5. d3 d6 6. c3 Be7 7. O-O O-O 8. Nbd2
b5 9. Bc2 d5 10. Qe2 Re8 11. Rd1 Bf8 12. Nf1 h6 13. a4 Be6 14. d4 Bg4 15. h3
Bxf3 16. Qxf3 exd4 17. axb5 axb5 18. Rxa8 Qxa8 19. exd5 Ne5 20. Qf5 dxc3 21.
bxc3 Qd8 22. Bb3 g6 23. Qb1 Nh5 24. Be3 Qd7 25. Nd2 Kh7 26. Ne4 f5 27. Nc5 Bxc5
28. Bxc5 Nf4 29. Kh2 Qd8 30. Be3 Ne2 31. Qc2 Ng4+ 32. Kh1 Rxe3 0-1

[Event "Mitropa Cup 29th"]
[Site "Chur"]
[Date "2010.06.03"]
[Round "6"]
[White "Petenyi, Tamas"]
[Black "Rombaldoni, Denis"]
[Result "0-1"]
[WhiteElo "2381"]
[BlackElo "2484"]
[PlyCount "92"]
[EventDate "2010.05.29"]
[EventType "team-tourn"]
[EventRounds "9"]
[EventCountry "SUI"]
[Source "ChessBase"]
[SourceDate "2010.07.02"]
[WhiteTeam "Slovakia"]
[BlackTeam "Italy"]
[WhiteTeamCountry "SVK"]
[BlackTeamCountry "ITA"]

1. e4 c5 2. Nf3 a6 3. c4 e6 4. d4 cxd4 5. Nxd4 Nf6 6. Bd3 Qc7 7. O-O Bc5 8. Nb3
Be7 9. Be3 d6 10. Nc3 Nbd7 11. f4 b6 12. Qf3 Bb7 13. a4 Rb8 14. Qh3 h5 15. Kh1
Nc5 16. Nxc5 bxc5 17. Rae1 Bc6 18. Re2 Ng4 19. e5 dxe5 20. f5 Bd7 21. fxe6 Bxe6
22. Bf5 Nxe3 23. Rxe3 Bxc4 24. Rfe1 Bf6 25. Ne4 Bd5 26. Nxf6+ gxf6 27. Qh4 Qe7
28. R3e2 Rb4 29. Qg3 Kf8 30. Rd2 Rg8 31. Qe3 Rd4 32. Qh6+ Ke8 33. Rf2 h4 34.
Bh3 Rg6 35. Qh5 Qd6 36. a5 Ke7 37. Qh8 Bb7 38. Qh5 Rg5 39. Qh6 Rd1 40. Ref1 Rg6
41. Qxh4 Qd2 42. Rxf6 Bxg2+ 43. Kg1 Qd4+ 44. R6f2+ Qxh4 45. Rxf7+ Kd6 46. Rxd1+
Bd5+ 0-1

[Event "Mitropa Cup 29th"]
[Site "Chur"]
[Date "2010.06.04"]
[Round "7"]
[White "Jovanovic, Zoran2"]
[Black "Neubauer, Martin"]
[Result "1/2-1/2"]
[WhiteElo "2520"]
[BlackElo "2458"]
[PlyCount "48"]
[EventDate "2010.05.29"]
[EventType "team-tourn"]
[EventRounds "9"]
[EventCountry "SUI"]
[Source "ChessBase"]
[SourceDate "2010.07.02"]
[WhiteTeam "Croatia"]
[BlackTeam "Austria"]
[WhiteTeamCountry "CRO"]
[BlackTeamCountry "AUT"]

1. e4 e5 2. Nf3 Nc6 3. Bb5 Nf6 4. O-O Nxe4 5. Qe2 Nd6 6. Bxc6 dxc6 7. Qxe5+ Qe7
8. Qa5 Qd8 9. Qc3 Nf5 10. Re1+ Be6 11. Qb3 Qc8 12. Ng5 Nd4 13. Qa4 Qd7 14. c3
Be7 15. Nxe6 Nxe6 16. d4 c5 17. Qxd7+ Kxd7 18. d5 Nf8 19. f4 Bd6 20. g3 Ng6 21.
Na3 Rhe8 22. Bd2 Ne7 23. c4 Nf5 24. Bc3 h5 1/2-1/2

[Event "Mitropa Cup 29th"]
[Site "Chur"]
[Date "2010.06.04"]
[Round "7"]
[White "Kreisl, Robert"]
[Black "Martinovic, Sasa"]
[Result "0-1"]
[WhiteElo "2374"]
[BlackElo "2515"]
[PlyCount "70"]
[EventDate "2010.05.29"]
[EventType "team-tourn"]
[EventRounds "9"]
[EventCountry "SUI"]
[Source "ChessBase"]
[SourceDate "2010.07.02"]
[WhiteTeam "Austria"]
[BlackTeam "Croatia"]
[WhiteTeamCountry "AUT"]
[BlackTeamCountry "CRO"]

1. Nf3 Nf6 2. c4 g6 3. Nc3 Bg7 4. g3 d5 5. cxd5 Nxd5 6. Bg2 e5 7. Qa4+ Bd7 8.
Qb3 Nb6 9. d3 O-O 10. Bg5 Qc8 11. Ne4 Be6 12. Qc2 N8d7 13. Rc1 Nd5 14. Bd2 h6
15. O-O c6 16. b4 a6 17. a4 Qd8 18. Nc5 Nxc5 19. Qxc5 Rc8 20. Rfd1 b6 21. Qc2
Qe7 22. Qb1 c5 23. bxc5 bxc5 24. e4 Rb8 25. Qa1 Nb4 26. Be3 Rfc8 27. Rc3 f5 28.
Qa3 Kh7 29. Rcc1 a5 30. Nd2 Qf8 31. f3 Rb7 32. Nc4 Qd8 33. Bf1 Rd7 34. Bf2 h5
35. Rb1 Bxc4 0-1

[Event "Mitropa Cup 29th"]
[Site "Chur"]
[Date "2010.06.04"]
[Round "7"]
[White "Buss, Ralph"]
[Black "Krejci, Jan1"]
[Result "1/2-1/2"]
[WhiteElo "2430"]
[BlackElo "2455"]
[PlyCount "124"]
[EventDate "2010.05.29"]
[EventType "team-tourn"]
[EventRounds "9"]
[EventCountry "SUI"]
[Source "ChessBase"]
[SourceDate "2010.07.02"]
[WhiteTeam "Switzerland"]
[BlackTeam "Czech Republic"]
[WhiteTeamCountry "SUI"]
[BlackTeamCountry "CZE"]

1. Nf3 Nf6 2. c4 e6 3. g3 d5 4. Bg2 c6 5. b3 Be7 6. Bb2 O-O 7. O-O Nbd7 8. d4
b5 9. Nbd2 bxc4 10. bxc4 Rb8 11. Qc2 Ba6 12. Rfb1 Qc8 13. e3 c5 14. Ba3 Rxb1+
15. Rxb1 dxc4 16. Nxc4 Nd5 17. dxc5 Bxc5 18. Rc1 Bxa3 19. Nxa3 Qb8 20. Nd4 Rc8
21. Qd2 Ne5 22. h3 g6 23. Rxc8+ Qxc8 24. Nab5 Qc5 25. a4 Bxb5 26. Nxb5 a6 27.
Nd4 Nc4 28. Qc2 Qb4 29. Kh2 Ndb6 30. Bf1 a5 31. Nc6 Qc5 32. Nxa5 Qxa5 33. Bxc4
Nxa4 34. Bf1 Nc5 35. Bg2 Qb4 36. Bf3 h6 37. Qd1 Qc3 38. Kg2 Nd3 39. Be4 Ne5 40.
Qd8+ Kg7 41. Qd4 Qxd4 42. exd4 Nc4 43. Kf3 Kf6 44. Bd3 Nd6 45. h4 Ke7 46. Kf4
Ne8 47. Ke5 Nf6 48. Be2 Nd7+ 49. Ke4 Kd6 50. Ke3 Kd5 51. Kd3 Kc6 52. Ke4 Kb6
53. Kd3 Nf6 54. Bf3 Kb5 55. Kc3 Ne8 56. Be2+ Kb6 57. Kd3 Nd6 58. Ke3 Ka5 59.
Kf4 f6 60. Bd3 g5+ 61. Kg4 Kb4 62. Bb1 Kc3 1/2-1/2

[Event "Mitropa Cup 29th"]
[Site "Chur"]
[Date "2010.06.04"]
[Round "7"]
[White "Talla, Vladimir"]
[Black "Wyss, Jonas"]
[Result "0-1"]
[WhiteElo "2505"]
[BlackElo "2253"]
[PlyCount "42"]
[EventDate "2010.05.29"]
[EventType "team-tourn"]
[EventRounds "9"]
[EventCountry "SUI"]
[Source "ChessBase"]
[SourceDate "2010.07.02"]
[WhiteTeam "Czech Republic"]
[BlackTeam "Switzerland"]
[WhiteTeamCountry "CZE"]
[BlackTeamCountry "SUI"]

1. e4 e6 2. d4 d5 3. Nc3 Bb4 4. e5 c5 5. a3 Bxc3+ 6. bxc3 Ne7 7. Qg4 O-O 8. Bd3
f5 9. exf6 Rxf6 10. Bg5 Rf7 11. Qh5 g6 12. Qd1 e5 13. dxe5 Nbc6 14. Bf6 Qc7 15.
Nf3 Bg4 16. Be2 Bxf3 17. Bxf3 Nxe5 18. Bxd5 Nxd5 19. Qxd5 Ng4 20. Bh4 Re8+ 21.
Kd1 Nxf2+ 0-1

[Event "Mitropa Cup 29th"]
[Site "Chur"]
[Date "2010.06.04"]
[Round "7"]
[White "Rombaldoni, Denis"]
[Black "Tripoteau, Nicolas"]
[Result "1-0"]
[WhiteElo "2484"]
[BlackElo "2425"]
[PlyCount "73"]
[EventDate "2010.05.29"]
[EventType "team-tourn"]
[EventRounds "9"]
[EventCountry "SUI"]
[Source "ChessBase"]
[SourceDate "2010.07.02"]
[WhiteTeam "Italy"]
[BlackTeam "France"]
[WhiteTeamCountry "ITA"]
[BlackTeamCountry "FRA"]

1. d4 Nf6 2. c4 c5 3. d5 b5 4. cxb5 a6 5. bxa6 g6 6. Nc3 Bxa6 7. g3 d6 8. Bg2
Bg7 9. Nf3 Nbd7 10. Rb1 Qa5 11. O-O O-O 12. Bd2 Rfb8 13. Qc2 Nb6 14. b3 Qa3 15.
Bc1 Qa5 16. Rd1 Ne8 17. Bb2 Bc8 18. a3 Bf5 19. e4 Bxc3 20. Bxc3 Bxe4 21. Qd2
Qxa3 22. Qh6 Bxf3 23. Bxf3 Na4 24. Ba1 Rxb3 25. Rxb3 Qxb3 26. Kg2 c4 27. Bd4
Nc5 28. Re1 Ra7 29. Re3 Qb8 30. g4 Nd3 31. Be2 e5 32. dxe6 Ne5 33. exf7+ Rxf7
34. Bxe5 dxe5 35. Bxc4 Qb7+ 36. f3 Nf6 37. Rxe5 1-0

[Event "Mitropa Cup 29th"]
[Site "Chur"]
[Date "2010.06.04"]
[Round "7"]
[White "Roser, Kevin"]
[Black "Brunello, Sabino"]
[Result "0-1"]
[WhiteElo "2429"]
[BlackElo "2467"]
[PlyCount "50"]
[EventDate "2010.05.29"]
[EventType "team-tourn"]
[EventRounds "9"]
[EventCountry "SUI"]
[Source "ChessBase"]
[SourceDate "2010.07.02"]
[WhiteTeam "France"]
[BlackTeam "Italy"]
[WhiteTeamCountry "FRA"]
[BlackTeamCountry "ITA"]

1. e4 e5 2. Nf3 Nc6 3. Bb5 a6 4. Ba4 Nf6 5. O-O Be7 6. Re1 b5 7. Bb3 O-O 8. a4
b4 9. d4 d6 10. dxe5 Nxe5 11. Nxe5 dxe5 12. Qe2 Bb7 13. f3 Nh5 14. g3 Kh8 15.
Be3 Qc8 16. Qg2 f5 17. exf5 Qxf5 18. g4 Qd7 19. gxh5 Bxf3 20. Qg3 Bb7 21. h3
Bh4 22. Qg4 Qc6 23. Kh2 Bxe1 24. Qg1 Qf3 25. Nd2 Qe2+ 0-1

[Event "Mitropa Cup 29th"]
[Site "Chur"]
[Date "2010.06.04"]
[Round "7"]
[White "Baramidze, David"]
[Black "Pap, Gyula"]
[Result "1-0"]
[WhiteElo "2534"]
[BlackElo "2496"]
[PlyCount "109"]
[EventDate "2010.05.29"]
[EventType "team-tourn"]
[EventRounds "9"]
[EventCountry "SUI"]
[Source "ChessBase"]
[SourceDate "2010.07.02"]
[WhiteTeam "Germany"]
[BlackTeam "Hungary"]
[WhiteTeamCountry "GER"]
[BlackTeamCountry "HUN"]

1. c4 Nf6 2. Nf3 e6 3. e3 d5 4. b3 Be7 5. g3 O-O 6. Bg2 b6 7. O-O Bb7 8. d3 c5
9. a3 Nc6 10. Bb2 Qc7 11. Ne1 Rad8 12. f4 dxc4 13. bxc4 Na5 14. Bxb7 Qxb7 15.
Nd2 Nd7 16. g4 Bf6 17. Bxf6 Nxf6 18. g5 Nd7 19. Rf3 Rfe8 20. Rh3 f5 21. Qh5 Nf8
22. g6 h6 23. Ndf3 Nc6 24. Ng5 e5 25. Nf7 Rd7 26. Ng2 Rxf7 27. gxf7+ Qxf7 28.
fxe5 Nxe5 29. Qxf7+ Kxf7 30. Rf1 Nxd3 31. Rxf5+ Ke6 32. e4 Ne5 33. Nf4+ Kd6 34.
Rg3 Ne6 35. Nxe6 Rxe6 36. Rxg7 a5 37. a4 Nxc4 38. Rh5 Nb2 39. e5+ Kd5 40. Rd7+
Ke4 41. Rd6 Rxe5 42. Rxe5+ Kxe5 43. Rxb6 Nxa4 44. Rxh6 Nc3 45. Kf2 Ke4 46. Ke1
c4 47. Kd2 Kd4 48. Ra6 a4 49. Kc2 Nd5 50. Rxa4 Ne3+ 51. Kc1 Kd3 52. Ra8 c3 53.
h4 Ke4 54. Re8+ Kf4 55. Rxe3 1-0

[Event "Mitropa Cup 29th"]
[Site "Chur"]
[Date "2010.06.04"]
[Round "7"]
[White "Bindrich, Falko"]
[Black "Papp, Gabor"]
[Result "0-1"]
[WhiteElo "2539"]
[BlackElo "2534"]
[PlyCount "64"]
[EventDate "2010.05.29"]
[EventType "team-tourn"]
[EventRounds "9"]
[EventCountry "SUI"]
[Source "ChessBase"]
[SourceDate "2010.07.02"]
[WhiteTeam "Germany"]
[BlackTeam "Hungary"]
[WhiteTeamCountry "GER"]
[BlackTeamCountry "HUN"]

1. e4 c5 2. Nf3 d6 3. d4 cxd4 4. Nxd4 Nf6 5. Nc3 a6 6. Bg5 e6 7. f4 Qc7 8. Bxf6
gxf6 9. Qd2 Nc6 10. O-O-O Bd7 11. Bc4 h5 12. Kb1 Be7 13. Bb3 Rc8 14. f5 Nxd4
15. Qxd4 Qc5 16. Qd3 b5 17. fxe6 fxe6 18. e5 fxe5 19. Qg6+ Kd8 20. Bxe6 Bxe6
21. Qxe6 Re8 22. a3 Rc6 23. Rhe1 Bh4 24. Qg6 Bxe1 25. Rxe1 b4 26. Qg5+ Kc8 27.
Qxh5 Rg8 28. Qh7 Rd8 29. axb4 Qxb4 30. Re4 Qb7 31. Qh3+ Kb8 32. Qd3 Rxc3 0-1

[Event "Mitropa Cup 29th"]
[Site "Chur"]
[Date "2010.06.04"]
[Round "7"]
[White "Rapport, Richard"]
[Black "Huschenbeth, Niclas"]
[Result "1-0"]
[WhiteElo "2509"]
[BlackElo "2457"]
[PlyCount "41"]
[EventDate "2010.05.29"]
[EventType "team-tourn"]
[EventRounds "9"]
[EventCountry "SUI"]
[Source "ChessBase"]
[SourceDate "2010.07.02"]
[WhiteTeam "Hungary"]
[BlackTeam "Germany"]
[WhiteTeamCountry "HUN"]
[BlackTeamCountry "GER"]

1. d4 d5 2. Nf3 Nf6 3. c4 dxc4 4. Nc3 a6 5. e4 b5 6. e5 Nd5 7. a4 Bb7 8. e6
fxe6 9. Be2 Nxc3 10. bxc3 Qd5 11. Ng5 Qxg2 12. Rf1 Nd7 13. Nxe6 Rc8 14. axb5
axb5 15. Ra7 Qc6 16. Bg4 Qb6 17. Nc5 Qxa7 18. Bxd7+ Kd8 19. Qh5 g6 20. Bxb5 c6
21. Qd5+ 1-0

[Event "Mitropa Cup 29th"]
[Site "Chur"]
[Date "2010.06.04"]
[Round "7"]
[White "Szabo, Krisztian"]
[Black "Prusikin, Michael"]
[Result "1/2-1/2"]
[WhiteElo "2506"]
[BlackElo "2520"]
[PlyCount "67"]
[EventDate "2010.05.29"]
[EventType "team-tourn"]
[EventRounds "9"]
[EventCountry "SUI"]
[Source "ChessBase"]
[SourceDate "2010.07.02"]
[WhiteTeam "Hungary"]
[BlackTeam "Germany"]
[WhiteTeamCountry "HUN"]
[BlackTeamCountry "GER"]

1. e4 e6 2. d4 d5 3. Nc3 dxe4 4. Nxe4 Bd7 5. Nf3 Bc6 6. Bd3 Nd7 7. O-O Ngf6 8.
Ng3 Be7 9. Re1 O-O 10. c3 Re8 11. Bc2 Bxf3 12. Qxf3 c6 13. Bd2 Qc7 14. Rad1
Rad8 15. Bf4 Bd6 16. Bg5 Qa5 17. Ne4 Be7 18. Bf4 Qxa2 19. Ra1 Qxb2 20. Bd3 Nxe4
21. Bxe4 f5 22. Bd3 Qxc3 23. Bxf5 Qxf3 24. Bxe6+ Kh8 25. gxf3 Bb4 26. Reb1 Rxe6
27. Rxb4 Nb6 28. Bc7 Rc8 29. Rxa7 Rxc7 30. Rxb6 Kg8 31. Rbxb7 Rxb7 32. Rxb7
Re1+ 33. Kg2 Rd1 34. Rc7 1/2-1/2

[Event "Mitropa Cup 29th"]
[Site "Chur"]
[Date "2010.06.04"]
[Round "7"]
[White "Borisek, Jure"]
[Black "Meszaros, Michal"]
[Result "1/2-1/2"]
[WhiteElo "2561"]
[BlackElo "2393"]
[PlyCount "95"]
[EventDate "2010.05.29"]
[EventType "team-tourn"]
[EventRounds "9"]
[EventCountry "SUI"]
[Source "ChessBase"]
[SourceDate "2010.07.02"]
[WhiteTeam "Slovenia"]
[BlackTeam "Slovakia"]
[WhiteTeamCountry "SLO"]
[BlackTeamCountry "SVK"]

1. e4 e5 2. Nf3 Nc6 3. Bb5 Nf6 4. O-O Nxe4 5. d4 Nd6 6. Bxc6 dxc6 7. dxe5 Nf5
8. Qxd8+ Kxd8 9. Nc3 Be6 10. Rd1+ Ke8 11. Ng5 Bc8 12. Ne2 Be7 13. Ne4 Bd7 14.
Bg5 Rd8 15. h3 h6 16. Bxe7 Nxe7 17. Nd4 b6 18. b4 Nf5 19. c3 Ke7 20. Rac1 h5
21. f4 h4 22. Kf2 Ra8 23. Rd2 a5 24. a3 axb4 25. axb4 Ra4 26. Rcd1 Nxd4 27.
Rxd4 Ra2+ 28. R1d2 Rxd2+ 29. Nxd2 Be6 30. Nf3 g6 31. Rd1 Bd5 32. Rd2 Be6 33.
Nd4 Bd5 34. c4 Bxc4 35. Nxc6+ Ke6 36. Nd4+ Ke7 37. Ke3 Ra8 38. f5 gxf5 39.
Nxf5+ Ke6 40. Kf4 Ra4 41. Ng7+ Ke7 42. Nf5+ Ke6 43. Nd4+ Ke7 44. Nc6+ Ke6 45.
Nd8+ Ke7 46. Nc6+ Ke6 47. Nd8+ Ke7 48. Nc6+ 1/2-1/2

[Event "Mitropa Cup 29th"]
[Site "Chur"]
[Date "2010.06.04"]
[Round "7"]
[White "Jurcik, Marian"]
[Black "Lenic, Luka"]
[Result "1/2-1/2"]
[WhiteElo "2487"]
[BlackElo "2592"]
[PlyCount "94"]
[EventDate "2010.05.29"]
[EventType "team-tourn"]
[EventRounds "9"]
[EventCountry "SUI"]
[Source "ChessBase"]
[SourceDate "2010.07.02"]
[WhiteTeam "Slovakia"]
[BlackTeam "Slovenia"]
[WhiteTeamCountry "SVK"]
[BlackTeamCountry "SLO"]

1. e4 e5 2. Nf3 Nc6 3. Bb5 a6 4. Ba4 Nf6 5. O-O b5 6. Bb3 Bc5 7. a4 Rb8 8. axb5
axb5 9. Nxe5 Nxe5 10. d4 Bxd4 11. Qxd4 d6 12. f4 Nc6 13. Qc3 Ne7 14. e5 Ne4 15.
Qb4 Nc5 16. exd6 cxd6 17. Ba2 O-O 18. Be3 Qc7 19. Na3 Qc6 20. Rad1 Bb7 21. Rf3
Qc8 22. Rf2 Qg4 23. Re1 Ne4 24. Rfe2 Nf5 25. Ba7 Nh4 26. Qb3 Rbe8 27. Nxb5 Bd5
28. Qxd5 Nf3+ 29. Kh1 Re5 30. Qxe4 Rxe4 31. Rxe4 Nxe1 32. Rxe1 Qxf4 33. Bb3 Qd2
34. Rf1 Qe2 35. Rf5 g6 36. Rd5 Qf1+ 37. Bg1 Re8 38. Nd4 Re1 39. Nf3 Re2 40. Rg5
Qc1 41. Rg4 Kg7 42. Nd4 Re1 43. Nf3 Re2 44. Nd4 Rf2 45. Rg3 Rf1 46. Nf3 Qxb2
47. Bc4 Rxg1+ 1/2-1/2

[Event "Mitropa Cup 29th"]
[Site "Chur"]
[Date "2010.06.04"]
[Round "7"]
[White "Pacher, Milan"]
[Black "Zorko, Jure"]
[Result "1/2-1/2"]
[WhiteElo "2396"]
[BlackElo "2440"]
[PlyCount "36"]
[EventDate "2010.05.29"]
[EventType "team-tourn"]
[EventRounds "9"]
[EventCountry "SUI"]
[Source "ChessBase"]
[SourceDate "2010.07.02"]
[WhiteTeam "Slovakia"]
[BlackTeam "Slovenia"]
[WhiteTeamCountry "SVK"]
[BlackTeamCountry "SLO"]

1. d4 Nf6 2. c4 e6 3. Nf3 Bb4+ 4. Nbd2 b6 5. a3 Bxd2+ 6. Qxd2 Bb7 7. e3 O-O 8.
Be2 d6 9. O-O Nbd7 10. b4 a5 11. Bb2 Qe7 12. Qc2 axb4 13. axb4 c5 14. Qb3 Rfb8
15. Nd2 h6 16. f3 d5 17. Rxa8 Bxa8 18. bxc5 bxc5 1/2-1/2

[Event "Mitropa Cup 29th"]
[Site "Chur"]
[Date "2010.06.04"]
[Round "7"]
[White "Tomazini, Aljosa"]
[Black "Petenyi, Tamas"]
[Result "1/2-1/2"]
[WhiteElo "2231"]
[BlackElo "2381"]
[PlyCount "106"]
[EventDate "2010.05.29"]
[EventType "team-tourn"]
[EventRounds "9"]
[EventCountry "SUI"]
[Source "ChessBase"]
[SourceDate "2010.07.02"]
[WhiteTeam "Slovenia"]
[BlackTeam "Slovakia"]
[WhiteTeamCountry "SLO"]
[BlackTeamCountry "SVK"]

1. e4 c5 2. Nc3 d6 3. Bb5+ Bd7 4. a4 Nc6 5. d3 e6 6. Nge2 Nf6 7. O-O a6 8. Bc4
Na5 9. f3 Be7 10. Qe1 O-O 11. Bd2 Nxc4 12. dxc4 Bc6 13. Nf4 Qc7 14. Qg3 Rad8
15. Be3 Rfe8 16. Rfd1 Qb8 17. a5 Bf8 18. Qf2 Nd7 19. Nd3 g6 20. Bg5 Rc8 21. Bf4
Rcd8 22. Qg3 f6 23. Qf2 Bg7 24. Qg3 Nf8 25. Ne1 e5 26. Be3 Ne6 27. Ne2 Kh8 28.
c3 f5 29. exf5 gxf5 30. f4 Rg8 31. Qf2 Rdf8 32. Nf3 Qc7 33. Nh4 Bf6 34. Nf3 Rf7
35. Kf1 Be4 36. Rd2 Rfg7 37. g3 Qc6 38. Nfg1 exf4 39. Nxf4 Nxf4 40. Bxf4 d5 41.
Ne2 Rd7 42. Be3 dxc4 43. Rxd7 Qxd7 44. Bxc5 Bd3 45. Kg1 Bxe2 46. Qxe2 Qd5 47.
Bf2 f4 48. Rd1 Qxa5 49. Qxc4 fxg3 50. hxg3 Qf5 51. Kg2 Be5 52. Rd5 Qf7 53. Qd3
Bg7 1/2-1/2

[Event "Mitropa Cup 29th"]
[Site "Chur"]
[Date "2010.06.05"]
[Round "8"]
[White "Krejci, Jan1"]
[Black "Kreisl, Robert"]
[Result "1/2-1/2"]
[WhiteElo "2455"]
[BlackElo "2374"]
[PlyCount "86"]
[EventDate "2010.05.29"]
[EventType "team-tourn"]
[EventRounds "9"]
[EventCountry "SUI"]
[Source "ChessBase"]
[SourceDate "2010.07.02"]
[WhiteTeam "Czech Republic"]
[BlackTeam "Austria"]
[WhiteTeamCountry "CZE"]
[BlackTeamCountry "AUT"]

1. e4 c5 2. Nf3 d6 3. d4 cxd4 4. Nxd4 Nf6 5. Nc3 g6 6. Bc4 Bg7 7. O-O O-O 8.
Bb3 Nc6 9. Re1 Bd7 10. Bg5 Rc8 11. Qd2 Re8 12. Rad1 a6 13. Nxc6 Bxc6 14. Nd5 e6
15. Nb4 Qa5 16. Nxc6 Qxd2 17. Ne7+ Rxe7 18. Rxd2 h6 19. Bh4 Rc6 20. c3 g5 21.
Bg3 Ne8 22. f3 Kf8 23. Red1 Be5 24. Bf2 Nc7 25. g3 f5 26. Be3 fxe4 27. fxe4 Rf7
28. Rf2 b5 29. Rdf1 Rxf2 30. Rxf2+ Ke7 31. Kg2 Ne8 32. h4 Nf6 33. hxg5 Ng4 34.
Re2 Nxe3+ 35. Rxe3 hxg5 36. Kf3 Rc8 37. Kg4 Bf6 38. Re2 Rh8 39. c4 Rh1 40. cxb5
axb5 41. Rc2 Kd7 42. Rf2 Ke7 43. Rc2 Kd7 1/2-1/2

[Event "Mitropa Cup 29th"]
[Site "Chur"]
[Date "2010.06.05"]
[Round "8"]
[White "Neubauer, Martin"]
[Black "Zilka, Stepan"]
[Result "1/2-1/2"]
[WhiteElo "2458"]
[BlackElo "2509"]
[PlyCount "137"]
[EventDate "2010.05.29"]
[EventType "team-tourn"]
[EventRounds "9"]
[EventCountry "SUI"]
[Source "ChessBase"]
[SourceDate "2010.07.02"]
[WhiteTeam "Austria"]
[BlackTeam "Czech Republic"]
[WhiteTeamCountry "AUT"]
[BlackTeamCountry "CZE"]

1. d4 d5 2. c4 c6 3. Nf3 Nf6 4. Nc3 e6 5. Bg5 h6 6. Bxf6 Qxf6 7. e3 Nd7 8. Bd3
dxc4 9. Bxc4 g6 10. O-O Bg7 11. e4 e5 12. d5 Nb6 13. Bb3 Bg4 14. Rc1 O-O 15. h3
Bxf3 16. Qxf3 Qxf3 17. gxf3 Rfd8 18. Rfd1 Bf6 19. dxc6 bxc6 20. Rxd8+ Rxd8 21.
Nd1 Rd6 22. Rc5 Kg7 23. Ne3 h5 24. Kf1 Kf8 25. Ke2 Bg7 26. Nc2 Nc8 27. Nb4 Ne7
28. Ra5 Rd7 29. Nd3 Rc7 30. Nxe5 c5 31. Rxc5 Rxc5 32. Nd7+ Ke8 33. Nxc5 Bxb2
34. f4 f6 35. Kd3 Kd8 36. Bf7 Kc7 37. Ne6+ Kd6 38. Nf8 Bc1 39. Bxg6 Bxf4 40.
Bxh5 Bh6 41. Ng6 Nxg6 42. Bxg6 Bg5 43. Kd4 Ke7 44. Bf5 Kd6 45. a4 Ke7 46. a5
Kd6 47. a6 Bh6 48. h4 Bc1 49. Bh7 Bh6 50. Bg8 Bc1 51. Bb3 Bh6 52. e5+ fxe5+ 53.
Ke4 Bf4 54. Kf5 Ke7 55. f3 Bc1 56. h5 Bb2 57. Kg6 e4 58. fxe4 Ba1 59. h6 Bb2
60. Kh7 Kf8 61. Bc4 Ba1 62. Bd5 Bb2 63. Kg6 Ke7 64. Kf5 Kd6 65. Bg8 Ba1 66. Ba2
Bb2 67. Kg6 Ke7 68. Kh7 Kf8 69. Kg6 1/2-1/2

[Event "Mitropa Cup 29th"]
[Site "Chur"]
[Date "2010.06.05"]
[Round "8"]
[White "Platzgummer, Fabian"]
[Black "Talla, Vladimir"]
[Result "1/2-1/2"]
[WhiteElo "2340"]
[BlackElo "2505"]
[PlyCount "94"]
[EventDate "2010.05.29"]
[EventType "team-tourn"]
[EventRounds "9"]
[EventCountry "SUI"]
[Source "ChessBase"]
[SourceDate "2010.07.02"]
[WhiteTeam "Austria"]
[BlackTeam "Czech Republic"]
[WhiteTeamCountry "AUT"]
[BlackTeamCountry "CZE"]

1. Nf3 Nf6 2. c4 g6 3. g3 Bg7 4. Bg2 O-O 5. O-O d6 6. d4 Nc6 7. Nc3 a6 8. Qd3
e5 9. dxe5 dxe5 10. Qxd8 Rxd8 11. Bg5 Re8 12. Rfd1 h6 13. Bxf6 Bxf6 14. Nd2 Nd4
15. Nde4 Bd8 16. Nc5 Rb8 17. e3 Ne6 18. Nd7 Bxd7 19. Rxd7 Nc5 20. Rd5 Be7 21.
Ne4 Nxe4 22. Bxe4 c6 23. Rd7 Kf8 24. g4 Red8 25. Rad1 Rxd7 26. Rxd7 Ke8 27. Rd3
Bc5 28. Kg2 Ke7 29. f4 exf4 30. exf4 Ke6 31. f5+ Ke5 32. Kf3 gxf5 33. Bxf5 Bd4
34. Rd2 c5 35. b3 b5 36. Bd3 b4 37. Be4 a5 38. Bd5 Kd6 39. h4 Rg8 40. Rg2 Rg6
41. g5 hxg5 42. hxg5 Ke7 43. Kf4 a4 44. bxa4 Ra6 45. Kf5 Rxa4 46. Re2+ Kf8 47.
Re8+ Kxe8 1/2-1/2

[Event "Mitropa Cup 29th"]
[Site "Chur"]
[Date "2010.06.05"]
[Round "8"]
[White "Simacek, Pavel"]
[Black "Ragger, Markus"]
[Result "1/2-1/2"]
[WhiteElo "2518"]
[BlackElo "2614"]
[PlyCount "169"]
[EventDate "2010.05.29"]
[EventType "team-tourn"]
[EventRounds "9"]
[EventCountry "SUI"]
[Source "ChessBase"]
[SourceDate "2010.07.02"]
[WhiteTeam "Czech Republic"]
[BlackTeam "Austria"]
[WhiteTeamCountry "CZE"]
[BlackTeamCountry "AUT"]

1. e4 e5 2. Nf3 Nc6 3. Bb5 a6 4. Ba4 Nf6 5. O-O Be7 6. Re1 b5 7. Bb3 d6 8. c3
O-O 9. h3 Nb8 10. d4 Nbd7 11. Nbd2 Bb7 12. Bc2 Re8 13. Nf1 Bf8 14. Ng3 g6 15.
a4 c6 16. Nh2 Bg7 17. Ng4 Nxg4 18. hxg4 exd4 19. cxd4 c5 20. Be3 Rc8 21. Rc1
cxd4 22. Bxd4 Ne5 23. f3 d5 24. Bf2 d4 25. Bb1 Qd7 26. axb5 Qxb5 27. Rxc8 Rxc8
28. f4 Nc4 29. e5 Ne3 30. Bxe3 dxe3 31. Be4 Qxb2 32. Kh2 Bxe4 33. Nxe4 g5 34.
Qd7 Rf8 35. Qf5 h6 36. Nf6+ Bxf6 37. Qxf6 Qf2 38. Qxh6 Qxf4+ 39. g3 Qxe5 40.
Qxa6 Rd8 41. Re2 Kg7 42. Qb7 Rd2 43. Rxd2 exd2 44. Qd7 Qe4 45. Qxd2 Qxg4 46.
Qc3+ Kg6 47. Qd3+ Qf5 48. Qe2 Qd5 49. Qc2+ Kg7 50. Qc3+ f6 51. Qc7+ Kh6 52. Qc8
Kg6 53. Qe8+ Kf5 54. Qc8+ Ke5 55. Qe8+ Kd4 56. Qe2 Qe5 57. Qd2+ Ke4 58. Qe2+
Kf5 59. Qc2+ Ke6 60. Qc4+ Ke7 61. Qb4+ Kf7 62. Qb3+ Kg7 63. Qd3 Kh6 64. Qc2 Qe3
65. Qc8 Qe2+ 66. Kh3 Qf1+ 67. Kh2 Qe2+ 68. Kh3 Kg7 69. Qd7+ Kf8 70. Qf5 Kg7 71.
Qd7+ Kg6 72. g4 Qf3+ 73. Kh2 Qb3 74. Kg2 Qf7 75. Qxf7+ Kxf7 76. Kf3 Ke7 77. Ke3
Kd7 78. Kd3 Kc7 79. Ke4 Kd6 80. Kd4 Ke7 81. Ke3 Ke6 82. Ke4 f5+ 83. gxf5+ Kf6
84. Kf3 Kxf5 85. Kg3 1/2-1/2